Statistics on Occupational Wages and Hours of Work and on Food Prices October Inquiry results, 1994 and 1995. Special Supplement to the Bulletin of Labour Statistics

Enregistré dans:
Détails bibliographiques
Format: Livre
Langue:anglais
français
espagnol
Publié: Geneva International Labour Office 1996
Édition:1. ed.
Sujets:
Tags: Ajouter un tag
Pas de tags, Soyez le premier à ajouter un tag!

MARC

LEADER 00000nam a2200000 4500
001 c018249
005 20221205125645.6
020 |a 92-2-007351-X 
041 0 |a eng 
041 0 |a fre 
041 0 |a spa 
044 |a CH 
245 1 0 |a Statistics on Occupational Wages and Hours of Work and on Food Prices  |b October Inquiry results, 1994 and 1995. Special Supplement to the Bulletin of Labour Statistics 
250 |a 1. ed. 
264 1 |a Geneva  |b International Labour Office  |c 1996 
300 |a 262 s. 
610 2 0 |a tabuľky štatistické 
610 2 0 |a MOP 
610 2 0 |a 1994-1995 
610 2 0 |a mzdy 
610 2 0 |a čas pracovný 
610 2 0 |a ceny 
610 2 0 |a potraviny 
610 2 0 |a svet 
610 2 0 |a práca 
610 2 0 |a výrobky poľnohospodárske 
610 2 0 |a poľnohospodárstvo